| 000 | 01357cam a2200241 4500 | ||
|---|---|---|---|
| 001 | J125517 | ||
| 008 | 040322n2004 000 0 eng u | ||
| 035 | _a(Sirsi) u125517 | ||
| 041 | _aeng | ||
| 050 |
_a331.281333 _c18 |
||
| 110 |
_aRoyal Institution of Chartered Surveyors _94900 |
||
| 245 | 4 | _aThe 2004 RICS and Macdonald and Company salary and benefits survey | |
| 260 |
_aLondon _bMacdonald and Co. _c2004 |
||
| 300 |
_a59p. _c30cm. |
||
| 520 | _aNow in its fifth year, the annual RICS and Macdonald and Company "Salary and benefits survey", is the most comprehensive survey undertaken for the sector. Continuing the success of the earlier surveys, 2 825 UK and non-UK surveying professionals participated between late December 2003 and early February 2004. As well as statistics on current salaries, recent salary increases, bonuses and employment package benefits, the full report gives an insight into wider issues that are important to professionals in their working lives. View the report at www.rics.org. | ||
| 650 | _aRICS SALARY AND BENEFITS SURVEYS | ||
| 650 | _aSURVEYORS | ||
| 650 | _aSURVEYING PROFESSION | ||
| 690 | _aMANAGEMENT-BUSINESS MANAGEMENT | ||
| 710 |
_aMacdonald and Company _93846 |
||
| 856 |
_uhttps://www.rics.org/RICSWEB/getpage.aspx?p=NuOc_zkRgEWbQ2dxbghWwA _zView the report on the RICS website |
||
| 942 | _n0 | ||
| 999 |
_c103425 _d103425 |
||